[Event "27th Czech Open A 2016"]
[Site "Pardubice CZE"]
[Date "2016.07.24"]
[Round "3.1"]
[White "Kozionov, Kirill"]
[Black "Movsesian, Sergei"]
[Result "1/2-1/2"]
[WhiteTitle "IM"]
[BlackTitle "GM"]
[WhiteElo "2440"]
[BlackElo "2666"]
[WhiteFideId "24101729"]
[BlackFideId "310204"]
[EventDate "2016.07.22"]

1. e4 c5 2. Nf3 e6 3. d4 cxd4 4. Nxd4 Nc6 5. Nc3 Qc7 6. Be2 a6 7. O-O d6 8. Be3
Bd7 9. f4 Nf6 10. Kh1 b5 11. a3 Be7 12. Qe1 O-O 13. Qg3 Rac8 14. Rae1 Qb8 15.
Nxc6 Bxc6 16. Bd3 b4 17. axb4 Qxb4 18. Bc1 a5 19. Qh3 g6 20. f5 Bd7 21. Nd1 Bd8
22. Bh6 Re8 23. fxg6 fxg6 24. Qf3 e5 25. Ne3 Be6 26. b3 Rc7 27. Bc4 Rf7 28. Bxe6
Rxe6 29. Nd5 Qb7 30. Bg5 Nxd5 31. Qxf7+ Qxf7 32. Rxf7 Kxf7 33. Bxd8 Nb4 34. Re2
Nc6 35. Bg5 Ke8 36. Kg1 Nd4 37. Rd2 Kd7 38. Be3 Nc6 39. Kf1 Rf6+ 40. Ke2 Ke6 41.
Rd5 Rf8 42. Rb5 Ra8 43. Rb6 Ne7 44. Rb7 a4 45. Bg5 Nc6 46. bxa4 Rxa4 47. Kd3 Ra7
48. Rb6 Kd7 49. Be3 Rc7 50. Rb5 Nd8 51. Rb1 Rb7 52. Rf1 Ne6 53. Rf7+ Kc6 54. Rf6
Kd7 55. Rf7+ Kc6 56. Rf6 1/2-1/2

[Event "27th Czech Open A 2016"]
[Site "Pardubice CZE"]
[Date "2016.07.24"]
[Round "3.2"]
[White "Visakh, N R"]
[Black "Kravtsiv, Martyn"]
[Result "1/2-1/2"]
[WhiteTitle "IM"]
[BlackTitle "GM"]
[WhiteElo "2431"]
[BlackElo "2631"]
[WhiteFideId "25012223"]
[BlackFideId "14113147"]
[EventDate "2016.07.22"]

1. d4 Nf6 2. c4 e6 3. Nf3 d5 4. Nc3 Nbd7 5. cxd5 exd5 6. Bg5 Bb4 7. Rc1 c6 8.
Nd2 Nf8 9. e3 Ng6 10. a3 Bd6 11. Qf3 Be7 12. g3 Bg4 13. Qg2 O-O 14. Be2 Bxe2 15.
Nxe2 Ne8 16. Bxe7 Qxe7 17. h4 Nd6 18. O-O Rfe8 19. Qf3 Qd7 20. Nf4 Nxf4 21. Qxf4
Re6 22. Qg4 Rf8 23. Kg2 Qe7 24. Rh1 Kh8 25. Rh2 Ne4 26. Qe2 Rf6 27. Nxe4 Qxe4+
28. f3 Qe7 29. Rc3 Re6 30. Rh1 f5 31. f4 Re8 32. Kf2 c5 33. Rd1 Re4 34. Qf3 cxd4
35. Rxd4 Rxd4 36. exd4 Qe1+ 37. Kg2 Re2+ 38. Kh3 g5 39. Rc8+ Kg7 40. Rc7+ Kh8
41. fxg5 Rf2 42. Rc1 Qd2 43. Rc8+ Kg7 44. Rg8+ Kxg8 45. Qxd5+ Kf8 46. Qd8+ Kf7
47. Qd7+ Kf8 48. Qd8+ Kf7 49. Qd7+ Kf8 1/2-1/2

[Event "27th Czech Open A 2016"]
[Site "Pardubice CZE"]
[Date "2016.07.24"]
[Round "3.3"]
[White "Gopal, G.N."]
[Black "Makoto, Rodwell"]
[Result "1/2-1/2"]
[WhiteTitle "GM"]
[BlackTitle "IM"]
[WhiteElo "2565"]
[BlackElo "2406"]
[WhiteFideId "5015693"]
[BlackFideId "11000120"]
[EventDate "2016.07.22"]

1. e4 e5 2. Nf3 Nc6 3. Bb5 a6 4. Ba4 Nf6 5. O-O b5 6. Bb3 Bc5 7. c3 d6 8. d4 Bb6
9. Be3 O-O 10. Nbd2 h6 11. h3 Re8 12. Re1 exd4 13. cxd4 Na5 14. Bc2 Bb7 15. Qb1
Nc4 16. Nxc4 bxc4 17. d5 c6 18. Ba4 Rc8 19. Bxb6 Qxb6 20. Qc2 Red8 21. dxc6 Bxc6
22. Bxc6 Rxc6 23. Rad1 Rc5 24. Rd2 Re8 25. Rde2 Nd7 26. Rd1 Ne5 27. Nxe5 dxe5
28. Red2 Qa5 29. a3 Rb8 30. Rd7 Qb6 31. R1d2 a5 32. Qc3 Qb3 33. Ra7 Qxc3 34.
bxc3 Rcb5 35. Rdd7 Rf8 36. Rdc7 Rb3 37. Rxc4 Rxa3 38. g3 Ra2 39. Kg2 Kh7 40. Rc5
Rc2 41. Raxa5 f5 42. Rxe5 fxe4 43. Rf5 Rxf5 44. Rxf5 e3 45. Rf3 exf2 46. g4 h5
47. gxh5 Kh6 48. Rxf2 Rxc3 49. Rf5 Rc2+ 50. Kg3 Rc3+ 51. Kg4 Rc4+ 52. Rf4 Rxf4+
53. Kxf4 Kxh5 54. Kf5 Kh4 55. Kg6 Kxh3 56. Kxg7 1/2-1/2

[Event "27th Czech Open A 2016"]
[Site "Pardubice CZE"]
[Date "2016.07.24"]
[Round "3.4"]
[White "Grinberg, Eyal"]
[Black "Boruchovsky, Avital"]
[Result "1/2-1/2"]
[WhiteTitle "FM"]
[BlackTitle "GM"]
[WhiteElo "2431"]
[BlackElo "2531"]
[WhiteFideId "2806070"]
[BlackFideId "2800055"]
[EventDate "2016.07.22"]

1. e4 e5 2. Nf3 Nc6 3. Bb5 a6 4. Ba4 Nf6 5. d3 d6 6. c3 g6 7. O-O Bg7 8. Nbd2
O-O 9. Re1 Re8 10. h3 h6 11. d4 exd4 12. cxd4 Bd7 13. Bc2 Nh5 14. Nf1 Qf6 15.
Be3 Nb4 16. Bb1 c5 17. e5 dxe5 18. dxe5 Qc6 19. Qc1 Bxe5 20. Nxe5 Rxe5 21. Bxh6
Rxe1 22. Qxe1 Re8 23. Qd2 Qd5 24. a3 Bc6 25. Qxd5 Nxd5 26. Ba2 Re2 27. Bxd5 Bxd5
28. Rd1 Bc6 29. Rd8+ Re8 30. Rxe8+ Bxe8 31. Be3 b6 1/2-1/2

[Event "27th Czech Open A 2016"]
[Site "Pardubice CZE"]
[Date "2016.07.24"]
[Round "3.5"]
[White "Praggnanandhaa, R"]
[Black "Cvek, Robert"]
[Result "1/2-1/2"]
[WhiteTitle "FM"]
[BlackTitle "GM"]
[WhiteElo "2429"]
[BlackElo "2522"]
[WhiteFideId "25059530"]
[BlackFideId "307424"]
[EventDate "2016.07.22"]

1. d4 Nf6 2. Bg5 Ne4 3. h4 d5 4. Nd2 Bf5 5. e3 h6 6. Bf4 e6 7. g4 Bh7 8. Nxe4
Bxe4 9. f3 Bh7 10. Qd2 Bd6 11. O-O-O Bxf4 12. exf4 Qd6 13. Qe3 Nc6 14. c3 O-O-O
15. Nh3 Kb8 16. Nf2 Na5 17. Qe5 Qf8 18. Bd3 Bxd3 19. Nxd3 Nc4 20. Qe2 h5 21. f5
hxg4 22. fxg4 exf5 23. gxf5 Re8 24. Qf3 Qd6 25. b3 Qh6+ 26. Qf4 Qxf4+ 27. Nxf4
Ne3 28. Rde1 Nxf5 29. Rxe8+ Rxe8 30. Nxd5 c6 31. Nb4 Rh8 32. h5 g6 33. Nd3 gxh5
34. Ne5 h4 35. Nxf7 Rg8 36. Rh3 Rg2 37. Ne5 Rxa2 38. Ng6 Re2 39. Nxh4 Ne3 40.
Kb1 Re1+ 41. Kb2 Re2+ 42. Kb1 Re1+ 43. Kb2 Re2+ 1/2-1/2

[Event "27th Czech Open A 2016"]
[Site "Pardubice CZE"]
[Date "2016.07.24"]
[Round "3.8"]
[White "Satyapragyan, Swayangsu"]
[Black "Roy, Prantik"]
[Result "1/2-1/2"]
[WhiteTitle "IM"]
[BlackTitle "IM"]
[WhiteElo "2467"]
[BlackElo "2403"]
[WhiteFideId "5004306"]
[BlackFideId "5035120"]
[EventDate "2016.07.22"]

1. e4 e6 2. d4 d5 3. Bd3 dxe4 4. Bxe4 Nf6 5. Bf3 c5 6. Ne2 Nc6 7. Be3 Nxd4 8.
Nxd4 cxd4 9. Qxd4 Qc7 10. Nc3 Bd7 11. Bf4 Qc8 12. Be5 Be7 13. O-O-O Bc6 14. Rd3
Bxf3 15. Rxf3 Qd7 16. Qxd7+ Nxd7 17. Bxg7 Rg8 18. Bd4 Rxg2 19. Rg3 Rxg3 20. hxg3
Bf6 21. Nb5 Ke7 22. Bxa7 b6 23. a4 h6 24. Kb1 Bg7 25. Rd1 Rc8 26. b3 Rc6 27. c4
Nc5 28. Ka2 Ne4 29. Rg1 f5 30. Rg2 Be5 31. f4 Bf6 32. Bb8 Kd7 33. Rh2 Rc8 34.
Be5 Bxe5 35. fxe5 Rh8 36. Rh3 Ng5 37. Rh1 Ne4 38. Rh3 Ng5 39. Rh1 Ne4 40. Rh3 1/2-1/2

[Event "27th Czech Open A 2016"]
[Site "Pardubice CZE"]
[Date "2016.07.24"]
[Round "3.9"]
[White "Duzhakov, Ilya"]
[Black "Gavrilov, Alexei1"]
[Result "1-0"]
[WhiteTitle "FM"]
[BlackTitle "GM"]
[WhiteElo "2404"]
[BlackElo "2465"]
[WhiteFideId "4192516"]
[BlackFideId "4104358"]
[EventDate "2016.07.22"]

1. d4 Nf6 2. c4 e6 3. Nf3 d5 4. g3 Be7 5. Bg2 O-O 6. O-O dxc4 7. Qa4 b6 8. Ne5
Qxd4 9. Bxa8 Qxe5 10. Qxa7 Nbd7 11. Nc3 Bd6 12. Bf4 Qc5 13. Be3 Qh5 14. Bf3 Ng4
15. Bxg4 Qxg4 16. Rad1 Be5 17. f3 Qg6 18. Kg2 h5 19. Qa4 Nf6 20. Qxc4 Bb7 21.
Bf4 Ng4 22. Kg1 Bxf4 23. Qxf4 e5 24. Qc1 Nf6 25. Kf2 Qf5 26. Kg2 h4 27. e4 Qg6
28. Qe3 hxg3 29. hxg3 Nh5 30. g4 Nf4+ 31. Kg3 Qf6 32. Rh1 g6 33. Rh2 Rd8 34.
Rdh1 Kf8 35. Rh8+ Ke7 36. Rxd8 Kxd8 37. Ne2 Ne6 38. b4 Ba6 39. Nc3 Bc4 40. Nd5
Bxd5 41. exd5 Nd4 42. Re1 g5 43. a4 Kc8 44. a5 Kb7 45. Qe4 Ka7 46. Re3 Qf4+ 47.
Kg2 Qxe4 48. fxe4 Ka6 49. Rc3 bxa5 50. bxa5 Nb5 51. Rh3 Kxa5 52. Rh5 Nd6 53. Kf3
Kb5 54. Rxg5 Nc4 55. Rf5 Nd2+ 56. Ke3 Nc4+ 57. Kd3 Nb2+ 58. Kc2 Nc4 59. Rxf7
Ne3+ 60. Kd3 Nxg4 61. Rxc7 1-0

[Event "27th Czech Open A 2016"]
[Site "Pardubice CZE"]
[Date "2016.07.24"]
[Round "3.10"]
[White "Gurevich, Daniel"]
[Black "Anurag, Mhamal"]
[Result "0-1"]
[WhiteTitle "IM"]
[BlackTitle "IM"]
[WhiteElo "2459"]
[BlackElo "2392"]
[WhiteFideId "2044676"]
[BlackFideId "5024366"]
[EventDate "2016.07.22"]

1. d4 d5 2. c4 e6 3. Nf3 c6 4. Nbd2 f5 5. g3 Nf6 6. Bg2 Bd6 7. O-O O-O 8. Ne5 b6
9. Ndf3 Bb7 10. h4 Qe8 11. cxd5 cxd5 12. Bf4 Nh5 13. Bd2 Nc6 14. Rc1 Nxd4 15.
Nxd4 Bxe5 16. Bb4 Rf7 17. e3 Nf6 18. Nf3 Bc7 19. Bc3 e5 20. b3 Rd8 21. Bb2 Bb8
22. Rc2 h6 23. Qa1 Ng4 24. Re1 Re7 25. Rce2 Qg6 26. Nh2 Nf6 27. Nf3 Rde8 28. Qd1
Bd6 29. a3 Kh8 30. Rd2 Bb8 31. Bh3 Ne4 32. Rxd5 Nxg3 33. fxg3 Qxg3+ 34. Bg2 e4
35. Rf1 exf3 36. Rxf3 Qh2+ 37. Kf1 Ba6+ 0-1

[Event "27th Czech Open A 2016"]
[Site "Pardubice CZE"]
[Date "2016.07.24"]
[Round "3.11"]
[White "Potapov, Alexander1"]
[Black "Lugovskoy, Maxim"]
[Result "1-0"]
[WhiteTitle "GM"]
[BlackTitle "IM"]
[WhiteElo "2401"]
[BlackElo "2458"]
[WhiteFideId "4115074"]
[BlackFideId "24126454"]
[EventDate "2016.07.22"]

1. d4 d5 2. c4 e6 3. Nc3 a6 4. cxd5 exd5 5. Nf3 c6 6. Qc2 Be7 7. Bf4 Nf6 8. e3
O-O 9. Bd3 Nbd7 10. g4 Bb4 11. O-O-O Bxc3 12. bxc3 Re8 13. Ne5 Qa5 14. f3 Nf8
15. h4 c5 16. Kb2 Bd7 17. Qh2 b5 18. dxc5 b4 19. cxb4 Qxb4+ 20. Ka1 Qxc5 21. Rc1
Qa5 22. h5 Bb5 23. h6 g6 24. Qb2 d4 25. Nc4 Qd8 26. Rhd1 Rc8 27. Nd6 Rxc1+ 28.
Qxc1 Re7 29. Bxb5 axb5 30. Rxd4 Qa8 31. Bg5 Ra7 32. Rd2 Qxf3 33. Qc3 N8d7 34.
Bxf6 Qxf6 35. Qxf6 Nxf6 36. Ne4 Ne8 37. Rd8 Kf8 38. Rb8 Ke7 39. Rxb5 f6 40. Rb6
Kf7 41. g5 f5 42. Nc3 Nc7 43. Rf6+ Ke7 44. Kb2 Ra5 45. Rb6 Ra7 46. Kb3 Ne6 47.
Nb5 Rd7 48. a4 Nc5+ 49. Kb4 Nd3+ 50. Kc3 Nc5 51. Rc6 Ne4+ 52. Kb4 Rd1 53. Rc7+
Ke6 54. Nd4+ Kd6 55. Rxh7 Rb1+ 56. Kc4 Rc1+ 57. Kb3 Nxg5 58. Rg7 Ne4 59. Rxg6+
Ke5 60. Nc6+ Kd5 61. Nb4+ 1-0

[Event "27th Czech Open A 2016"]
[Site "Pardubice CZE"]
[Date "2016.07.24"]
[Round "3.12"]
[White "Smith, Bryan G"]
[Black "Cerveny, Martin"]
[Result "0-1"]
[WhiteTitle "GM"]
[BlackTitle "IM"]
[WhiteElo "2453"]
[BlackElo "2384"]
[WhiteFideId "2017083"]
[BlackFideId "321141"]
[EventDate "2016.07.22"]

1. e4 c5 2. Nf3 d6 3. d4 cxd4 4. Nxd4 Nf6 5. Nc3 a6 6. h3 e6 7. g4 d5 8. exd5
Nxd5 9. Bd2 Bb4 10. Nxd5 Bxd2+ 11. Qxd2 Qxd5 12. O-O-O Bd7 13. Rg1 Qxa2 14. Nb3
O-O 15. Qb4 Bb5 16. Bxb5 axb5 17. Qxb5 Nc6 18. Rg3 Qa7 19. Qc5 Qa4 20. Rc3 h6
21. Rc4 Qa2 22. Rd7 Rfd8 23. Rxd8+ Rxd8 24. Qb5 Qa7 25. Rf4 Rd5 26. Qa4 Qb8 27.
Kb1 b5 28. Qe4 Rd1+ 29. Nc1 Rd4 30. Qxd4 Nxd4 31. Rxd4 Qh2 32. Nd3 e5 33. Rd8+
Kh7 34. Ka2 e4 35. Nc5 Qxf2 36. Nxe4 Qxc2 37. Rd4 Qh2 38. Rd3 Qe5 39. Nd6 Qe2
40. Rb3 b4 41. Rxb4 Qa6+ 42. Kb3 Qxd6 43. Rc4 g6 44. Kc2 Qh2+ 0-1

[Event "27th Czech Open A 2016"]
[Site "Pardubice CZE"]
[Date "2016.07.24"]
[Round "3.13"]
[White "Hirneise, Tobias"]
[Black "Kathmale, Sameer"]
[Result "1/2-1/2"]
[WhiteTitle "IM"]
[BlackTitle "IM"]
[WhiteElo "2452"]
[BlackElo "2298"]
[WhiteFideId "24600881"]
[BlackFideId "5024498"]
[EventDate "2016.07.22"]

1. d4 Nf6 2. c4 g6 3. Nc3 Bg7 4. e4 d6 5. Nf3 O-O 6. Be2 e5 7. d5 a5 8. Bg5 h6
9. Be3 Ng4 10. Bc1 Nf6 11. h3 Nh5 12. g3 f5 13. Nh4 Nf4 14. Bf3 Na6 15. Bxf4
exf4 16. Nxg6 fxg3 17. Nxf8 gxf2+ 18. Kxf2 Qxf8 19. Rg1 Kh8 20. Qd2 Nc5 21. Ke2
fxe4 22. Nxe4 Bxh3 23. Nxc5 dxc5 24. Rxg7 Qxg7 25. Rh1 Re8+ 26. Kf2 Rg8 27. Qc3
Qxc3 28. bxc3 Bf5 29. Rxh6+ Kg7 1/2-1/2

[Event "27th Czech Open A 2016"]
[Site "Pardubice CZE"]
[Date "2016.07.24"]
[Round "3.14"]
[White "Konguvel, Ponnuswamy"]
[Black "Venkatesh, M.R."]
[Result "1-0"]
[WhiteTitle "IM"]
[BlackTitle "GM"]
[WhiteElo "2379"]
[BlackElo "2445"]
[WhiteFideId "5000548"]
[BlackFideId "5005779"]
[EventDate "2016.07.22"]

1. e4 c5 2. Nf3 Nc6 3. d4 cxd4 4. Nxd4 Qc7 5. Nc3 e6 6. Be3 a6 7. Qf3 d6 8.
O-O-O Bd7 9. g4 b5 10. Nxc6 Bxc6 11. Bd3 Nf6 12. g5 Nd7 13. Kb1 Ne5 14. Qg2 b4
15. Ne2 Bb7 16. Nd4 Nc4 17. Bc1 Rc8 18. f4 g6 19. Rhe1 Bg7 20. Qg1 O-O 21. f5
Rfe8 22. f6 Bf8 23. h4 d5 24. h5 dxe4 25. Bxe4 Bxe4 26. Rxe4 e5 27. Qh2 Qd7 28.
Rf1 Kh8 29. Rh4 exd4 30. hxg6 fxg6 31. f7 1-0

[Event "27th Czech Open A 2016"]
[Site "Pardubice CZE"]
[Date "2016.07.24"]
[Round "3.15"]
[White "Ladva, Ottomar"]
[Black "Lomakin, Viktor"]
[Result "1-0"]
[WhiteTitle "IM"]
[WhiteElo "2443"]
[BlackElo "2173"]
[WhiteFideId "4500024"]
[BlackFideId "14101920"]
[EventDate "2016.07.22"]

1. d4 Nf6 2. c4 e6 3. Nf3 d5 4. Nc3 Nbd7 5. Bg5 Be7 6. Qc2 O-O 7. Rd1 a6 8. e3
c6 9. a3 Re8 10. Bd3 h6 11. Bh4 dxc4 12. Bxc4 b5 13. Ba2 Qb6 14. e4 g5 15. Bg3
Bf8 16. e5 Nh5 17. Bb1 Bg7 18. Ne4 Nf8 19. h4 Nxg3 20. Nxg3 g4 21. Nh2 Rd8 22.
Qe4 Qa5+ 23. Ke2 f5 24. exf6 Bxf6 25. Nxg4 Bg7 26. Nh5 Ra7 27. Qf4 e5 28. Ngf6+
Kh8 29. dxe5 Rxd1 30. Rxd1 Be6 31. Nxg7 Kxg7 32. Nh5+ 1-0

[Event "27th Czech Open A 2016"]
[Site "Pardubice CZE"]
[Date "2016.07.24"]
[Round "3.16"]
[White "Ganguly, Surya Shekhar"]
[Black "Jansa, Vlastimil"]
[Result "1-0"]
[WhiteTitle "GM"]
[BlackTitle "GM"]
[WhiteElo "2676"]
[BlackElo "2411"]
[WhiteFideId "5002150"]
[BlackFideId "300128"]
[EventDate "2016.07.22"]

1. e4 c5 2. Nf3 e6 3. d4 cxd4 4. Nxd4 Nc6 5. Nc3 d6 6. Be3 Nf6 7. f4 e5 8. Nf3
Ng4 9. Qd2 Nxe3 10. Qxe3 exf4 11. Qxf4 Be7 12. O-O-O O-O 13. Kb1 Be6 14. Nd5
Bxd5 15. Rxd5 Rc8 16. c3 Qb6 17. Rb5 Qc7 18. g4 Bf6 19. h4 Nd4 20. Nxd4 Bxd4 21.
Bd3 Be5 22. Qf2 a6 23. Rd5 Qd7 24. Qe2 b5 25. Bc2 Rb8 26. a3 Qe7 27. Bb3 Kh8 28.
Rd3 a5 29. Rf3 b4 30. cxb4 axb4 31. a4 Rbc8 32. g5 f6 33. Rhf1 g6 34. Qf2 Kg7
35. Qg2 h5 36. gxh6+ Kxh6 37. Rg1 Qe8 38. Qd2+ Kh7 39. Rf2 Rc7 40. Rfg2 Rg7 41.
Rg4 Qa8 42. Qd1 Qa7 43. Qe2 Rc8 44. Ka2 Rcc7 45. Rxg6 1-0

[Event "27th Czech Open A 2016"]
[Site "Pardubice CZE"]
[Date "2016.07.24"]
[Round "3.17"]
[White "Laznicka, Viktor"]
[Black "Girish, A. Koushik"]
[Result "1-0"]
[WhiteTitle "GM"]
[BlackTitle "IM"]
[WhiteElo "2654"]
[BlackElo "2399"]
[WhiteFideId "316385"]
[BlackFideId "5038448"]
[EventDate "2016.07.22"]

1. d4 Nf6 2. c4 g6 3. f3 d5 4. cxd5 Nxd5 5. e4 Nb6 6. Nc3 Bg7 7. Be3 O-O 8. Qd2
Nc6 9. O-O-O f5 10. e5 Nb4 11. Nh3 Be6 12. Kb1 Qd7 13. Nf4 a5 14. d5 N6xd5 15.
Ncxd5 Bxe5 16. Bc4 Bxd5 17. Nxd5 Kh8 18. Bd4 Qd6 19. Rhe1 Bxd4 20. Qxd4+ e5 21.
Qxe5+ Qxe5 22. Rxe5 Rad8 23. Ree1 b5 24. Nxb4 bxc4 25. Nc6 1-0

[Event "27th Czech Open A 2016"]
[Site "Pardubice CZE"]
[Date "2016.07.24"]
[Round "3.19"]
[White "Stocek, Jiri"]
[Black "Kantsler, Boris"]
[Result "1/2-1/2"]
[WhiteTitle "GM"]
[BlackTitle "GM"]
[WhiteElo "2550"]
[BlackElo "2395"]
[WhiteFideId "304760"]
[BlackFideId "2805359"]
[EventDate "2016.07.22"]

1. d4 d6 2. e4 Nf6 3. f3 d5 4. e5 Ng8 5. c4 dxc4 6. Bxc4 e6 7. f4 Nc6 8. Nf3
Bb4+ 9. Bd2 a5 10. a3 Bxd2+ 11. Qxd2 Nge7 12. Nc3 Nd5 13. f5 Nce7 14. fxe6 Bxe6
15. Ng5 O-O 16. O-O h6 17. Nxe6 fxe6 18. Rxf8+ Qxf8 19. Rf1 Qe8 20. Bd3 Nxc3 21.
bxc3 Ng6 22. Qd1 Nf8 23. Qb3 b6 24. d5 Kh8 25. Qc4 exd5 26. Qxd5 Ne6 27. Qe4 Ng5
28. Qf5 Qg8 29. h4 Ne6 30. Bc4 Re8 31. Qg6 Re7 32. Bd3 Rd7 33. Bc4 Re7 34. Bd3
Rd7 35. Bb1 Rd5 36. Qf5 Rd2 37. Be4 Nc5 38. Bb1 Ne6 39. Qg6 Rd5 40. Qf5 1/2-1/2

[Event "27th Czech Open A 2016"]
[Site "Pardubice CZE"]
[Date "2016.07.24"]
[Round "3.20"]
[White "Tunik, Gennady"]
[Black "Chigaev, Maksim"]
[Result "1/2-1/2"]
[WhiteTitle "GM"]
[BlackTitle "IM"]
[WhiteElo "2390"]
[BlackElo "2549"]
[WhiteFideId "4101219"]
[BlackFideId "4108116"]
[EventDate "2016.07.22"]

1. d4 g6 2. Nf3 Bg7 3. e4 d6 4. Be2 Nf6 5. Nc3 O-O 6. O-O a6 7. h3 b6 8. Re1 Bb7
9. Bf1 e6 10. Bg5 h6 11. Bh4 g5 12. Bg3 Nc6 13. Bh2 Ne7 14. e5 dxe5 15. dxe5 Nd7
16. Qe2 Ng6 17. Rad1 Qe7 18. Qe3 Bxf3 19. Qxf3 Ndxe5 20. Qe3 b5 21. Ne4 Rfd8 22.
Qc5 Qxc5 23. Nxc5 Rxd1 24. Rxd1 Bf8 25. Nb7 Rb8 26. Na5 Bb4 27. Nb3 Bd6 28. Na5
Kg7 29. Be2 f5 30. Kf1 f4 31. a3 Bc5 32. b4 Bb6 33. Nb3 Ne7 34. Bg4 Nxg4 35.
hxg4 e5 36. f3 Kf7 37. Bg1 Ke6 38. Bc5 Nd5 39. Kf2 Rh8 40. Ra1 Nc3 41. Rh1 Kf6
42. g3 Kg6 43. gxf4 exf4 44. Re1 h5 45. Bxb6 cxb6 46. Re6+ Kf7 47. Rxb6 hxg4 48.
fxg4 Rh2+ 49. Kf3 Rh3+ 50. Kg2 Rg3+ 51. Kf1 Rxg4 52. Nd4 Rh4 53. Nf3 Rh5 54.
Ne5+ Ke7 55. Rxa6 Rh1+ 56. Kg2 Re1 57. Nf3 Re2+ 58. Kh3 Ne4 59. Nd4 Nf2+ 60. Kg2
Rd2 61. Nf5+ Kd7 62. Kf3 Nd1 63. Rg6 Rf2+ 64. Ke4 Nc3+ 65. Kd3 Rf3+ 66. Kd4 Ne2+
67. Kd5 Rxa3 68. Rg7+ Kd8 69. Rxg5 f3 1/2-1/2

[Event "27th Czech Open A 2016"]
[Site "Pardubice CZE"]
[Date "2016.07.24"]
[Round "3.21"]
[White "Zakhartsov, Viacheslav V."]
[Black "Khaetsky, Roman"]
[Result "1-0"]
[WhiteTitle "GM"]
[BlackTitle "IM"]
[WhiteElo "2532"]
[BlackElo "2385"]
[WhiteFideId "4115333"]
[BlackFideId "14106221"]
[EventDate "2016.07.22"]

1. d4 Nc6 2. d5 Ne5 3. e4 e6 4. f4 Ng6 5. dxe6 fxe6 6. Nf3 Bc5 7. Bd3 d6 8. Nc3
a6 9. e5 Nh6 10. Ne4 Qe7 11. Nxc5 dxc5 12. Ng5 Bd7 13. Be4 Nf5 14. Bxb7 Rb8 15.
Be4 Rb4 16. O-O Bb5 17. Re1 h6 18. c3 hxg5 19. cxb4 gxf4 20. Qg4 Nxe5 21. Qxf4
Nd3 22. Bxd3 Bxd3 23. bxc5 O-O 24. Qe5 Bc4 25. Bf4 c6 26. b3 Bd5 27. Rac1 Qf7
28. Rf1 Qh5 29. Bg3 Rf6 30. Rf2 Rg6 31. Bf4 Qh3 32. Bg3 Qh5 33. Re1 Rg4 34. Bf4
Qh3 35. Ree2 Qd3 36. Rd2 Qh3 37. Rxd5 exd5 38. Bg3 Qh6 39. Qxf5 1-0

[Event "27th Czech Open A 2016"]
[Site "Pardubice CZE"]
[Date "2016.07.24"]
[Round "3.22"]
[White "Novikov, Stanislav"]
[Black "Kourousis, Epaminondas"]
[Result "1/2-1/2"]
[WhiteTitle "GM"]
[BlackTitle "IM"]
[WhiteElo "2528"]
[BlackElo "2382"]
[WhiteFideId "4125371"]
[BlackFideId "4211626"]
[EventDate "2016.07.22"]

1. Nf3 Nf6 2. d4 e6 3. Bg5 c5 4. e3 b6 5. Bd3 Bb7 6. O-O Be7 7. Nbd2 O-O 8. c3
cxd4 9. cxd4 Nc6 10. a3 h6 11. Bh4 Nd5 12. Bg3 f5 13. Re1 Qe8 14. e4 fxe4 15.
Bxe4 Qf7 16. Qb1 g5 17. Nc4 Qg7 18. Nfe5 Nxe5 19. Bxe5 Bf6 20. Ne3 Bxe5 21. dxe5
Nxe3 22. Bxb7 Rab8 23. Rxe3 Rxb7 24. Qc2 Rbb8 25. Rc1 Rf5 26. Qc7 Rbf8 27. Rf1
a5 28. b4 axb4 29. axb4 b5 30. Re2 Rf4 31. Rd2 R8f7 32. Qc5 Re4 33. Qxb5 Qxe5
34. Qa6 Rxb4 35. Rxd7 Rbf4 36. Rd2 R4f6 37. Re2 Qf5 38. Qc4 Qd5 39. Qg4 Qf5 40.
Qg3 Re7 41. Rfe1 Kg7 42. Re4 Kh7 43. h3 Ref7 44. f3 Qc5+ 45. Kh1 Qf5 46. Qd6 Qd5
47. Qb6 Rb7 48. Qa6 Re7 49. Re5 Qd7 50. Qc4 Qe8 51. R1e4 Qf7 52. Rc5 Rf4 53. Rc8
Rf5 54. Qc2 Kg7 55. Rb4 Rd5 56. Rbb8 Red7 57. Qe4 Rd1+ 58. Kh2 Qf4+ 59. Qxf4
gxf4 60. Rg8+ Kh7 61. Rgf8 e5 62. Rbe8 R1d2 63. h4 Rg7 64. Rh8+ Kg6 65. Kh3 Re2
66. Ref8 Kh5 67. Rf5+ Kg6 68. Rff8 Kh5 69. Rf5+ Kg6 70. Rff8 1/2-1/2

[Event "27th Czech Open A 2016"]
[Site "Pardubice CZE"]
[Date "2016.07.24"]
[Round "3.23"]
[White "Alsina Leal, Daniel"]
[Black "Kvetny, Mark"]
[Result "1/2-1/2"]
[WhiteTitle "GM"]
[BlackTitle "FM"]
[WhiteElo "2521"]
[BlackElo "2379"]
[WhiteFideId "2252627"]
[BlackFideId "24603929"]
[EventDate "2016.07.22"]

1. e4 e5 2. Nf3 Nf6 3. Nxe5 d6 4. Nf3 Nxe4 5. c4 Be7 6. d4 d5 7. Nc3 Nxc3 8.
bxc3 O-O 9. Bd3 Nc6 10. O-O Bg4 11. h3 Bh5 12. Re1 Bf6 13. Rb1 dxc4 14. Be4 Rb8
15. Bf4 Re8 16. Bxc6 bxc6 17. Rxb8 Qxb8 18. g4 Bg6 19. Bxc7 Qc8 20. Rxe8+ Qxe8
21. Be5 Qe6 22. Bxf6 gxf6 23. Qe1 Be4 24. Nd2 Bd5 25. Qxe6 fxe6 26. Kh2 Kf7 27.
Kg3 Kg6 28. f4 h5 29. Nf1 Be4 30. Ne3 Bd3 31. Kh4 hxg4 32. hxg4 Kh6 33. g5+ Kg6
34. Ng4 fxg5+ 35. fxg5 Kf5 36. Ne5 c5 37. Nc6 cxd4 38. Nxd4+ Kf4 39. Nxe6+ Ke3
40. Nc7 Kd2 41. Nb5 a6 42. a4 Bg6 43. Kg3 Ke3 44. Nc7 a5 45. Nb5 Ke4 46. Kf2 Kf4
47. Nd6 Bc2 48. Nxc4 Bxa4 49. g6 Bb3 50. Nxa5 Be6 51. Nc6 Kg5 52. Ne5 Kf6 53.
Nd3 Kxg6 54. Ke3 Kf6 55. Kd4 Bg8 56. Kc5 Ba2 57. Kd6 Kf5 58. Nb4 Bb3 59. Na6 Bg8
60. Nc7 Ke4 61. Kc5 Kd3 62. Kb4 Bf7 63. Na6 Ke4 64. Nc5+ Kd5 65. Nb3 Kc6 66.
Nd4+ Kc7 67. Kc5 Ba2 68. Nf5 Bb3 69. Ne3 Ba2 70. Nd5+ Kb7 71. Kd6 Bb3 72. Nb4
Kb6 1/2-1/2

[Event "27th Czech Open A 2016"]
[Site "Pardubice CZE"]
[Date "2016.07.24"]
[Round "3.24"]
[White "Plischki, Sebastian"]
[Black "Demidov, Mikhail"]
[Result "0-1"]
[WhiteTitle "IM"]
[BlackTitle "IM"]
[WhiteElo "2373"]
[BlackElo "2514"]
[WhiteFideId "4637143"]
[BlackFideId "4197143"]
[EventDate "2016.07.22"]

1. Nf3 Nf6 2. c4 e6 3. g3 b6 4. Bg2 Bb7 5. O-O c5 6. Nc3 Be7 7. Re1 d6 8. e4
Nbd7 9. d4 cxd4 10. Nxd4 Qb8 11. f4 Qc8 12. Be3 O-O 13. Rc1 a6 14. f5 e5 15. Nd5
Qd8 16. Ne2 Bxd5 17. cxd5 Ng4 18. Bf2 b5 19. Bf3 Nxf2 20. Kxf2 Rc8 21. Rxc8 Qb6+
22. Kg2 Rxc8 23. Qd2 b4 24. Rc1 Rc5 25. Rxc5 Nxc5 26. Nc1 a5 27. h4 g6 28. fxg6
hxg6 29. Nd3 Kg7 30. Qe3 Nd7 31. Qxb6 Nxb6 32. b3 f5 33. Kh3 Nd7 34. g4 Nf6 35.
g5 Nd7 36. Kg2 Bd8 37. Kf2 Bb6+ 38. Ke2 Bd4 39. Bg2 Nb6 40. Bf3 Nc8 41. Ne1 Na7
42. Nc2 Nb5 43. Nxd4 Nxd4+ 44. Ke3 f4+ 45. Kf2 Nb5 46. Ke2 Nc3+ 47. Kd2 Nxa2 48.
Be2 Nc3 49. Bd3 a4 50. bxa4 Nxa4 51. Bc2 Nc5 52. Bb1 Nb3+ 53. Kd3 Nd4 54. Kc4 b3
55. Bd3 f3 56. Kc3 f2 0-1